Catálogo

ESTRATEGIAS DIDACTICAS DEL APRENDIZAJE COOPERATIVO : (Registro nro. 56372)

Detalles MARC
000 -LEADER
fixed length control field 01100nam a2200205 a 4500
001 - CONTROL NUMBER
control field 56372
005 - DATE AND TIME OF LATEST TRANSACTION
control field 20180714052109.0
008 - FIXED-LENGTH DATA ELEMENTS--GENERAL INFORMATION
fixed length control field 140415s2010 mx 000 0 spa d
020 ## - INTERNATIONAL STANDARD BOOK NUMBER
International Standard Book Number 9786071701077
041 ## - LANGUAGE CODE
Language code of text/sound track or separate title spa
082 ## - DEWEY DECIMAL CLASSIFICATION NUMBER
Classification number 371.1023
Item number FER
100 1# - MAIN ENTRY--PERSONAL NAME
Personal name Ferreiro Gravié, Ramón,.
245 10 - TITLE STATEMENT
Title ESTRATEGIAS DIDACTICAS DEL APRENDIZAJE COOPERATIVO :
Remainder of title METODO ELI
250 ## - EDITION STATEMENT
Edition statement 2a ed.
260 ## - PUBLICATION, DISTRIBUTION, ETC.
Place of publication, distribution, etc. MEXICO :
Name of publisher, distributor, etc. TRILLAS,
Date of publication, distribution, etc. 2010
300 ## - PHYSICAL DESCRIPTION
Extent 229
Dimensions 15.1 x 1.4 x 23
520 ## - SUMMARY, ETC.
Summary, etc. LA LABOR DOCENTE ES MAS PROFESIONAL EN LA MEDIDA RN SE APOYA EN LA CIENCIA. EN ESE SENTIDO, A PARTIR DE UNA CONCEPCION CIENTIFICA -EL CONSTRUCTIVISMO SOCIAL- Y DE UN MODO PEDAGOGICO-EL APRENDIZAJE DE ENSEÑANZA SEGUN LOS MOMENTOS Y ACTIVIDADES POR REALIZAR EN LA CLASE. LA PROPUESTA ESTRUCTURAL DE LA CLASE DE APRENDIZAJE COOPERATIVO FACILITA LA SELECCION CRITICA, LA APLICACION CREATIVA Y LA EVALUACION INTEGRAL DE LAS ESTRATEGIAS DIDACTICAS EMPELADAS, ASI COMO LA SISTEMATIZACION DE LA EXP
650 14 - SUBJECT ADDED ENTRY--TOPICAL TERM
Topical term or geographic name entry element EDUCACION COOPERATIVA
General subdivision ADMINISTRADORES ESCOLARES
700 1# - ADDED ENTRY--PERSONAL NAME
Personal name MACHADO, LUIS ALBERTO
Relator term pról.
Existencias
Withdrawn status Lost status Source of classification or shelving scheme Damaged status Not for loan Collection code Home library Current library Shelving location Date acquired Source of acquisition Total Checkouts Full call number Barcode Date last seen Date last checked out Price effective from Koha item type Inventory number Total Renewals
    Dewey Decimal Classification     General Biblioteca Karol Wojtyla Biblioteca Karol Wojtyla Sala general 03/12/2013 Compra 6 371.1023 FER 85012 05/01/2026 20/04/2024 03/12/2013 Libro 151000000000000000042717  
    Dewey Decimal Classification     General Biblioteca Karol Wojtyla Biblioteca Karol Wojtyla Sala general 03/12/2013 Compra 5 371.1023 FER 85011 06/04/2026 26/09/2022 03/12/2013 Libro 151000000000000000042716 4
    Dewey Decimal Classification     General Biblioteca Karol Wojtyla Biblioteca Karol Wojtyla Sala general 03/12/2013 Compra 4 371.1023 FER 85013 05/01/2026 02/02/2022 03/12/2013 Libro 151000000000000000042718  
    Dewey Decimal Classification     General Tehuacán Tehuacán Sala general 03/12/2013 Compra 1 371.1023 FER 506391 08/01/2025 07/07/2023 03/12/2013 Libro